000 00404 a2200157 4500
005 20250524084236.0
020 _a0-07-039763-5
082 _aLECT 510 MAK
100 _aMAKI, D. P.
245 _aFinite Mathematics
250 _a4th Ed.
260 _aNew York,
_bMcGraw-Hill,
_c1996.
300 _axvi, 652p.: ill.; figure, table.
_bGlossary & Index.
_c24cm.
700 _aTHOMPSON, M.
942 _2ddc
_cBKS
999 _c2595
_d2595